LEADER 01377nam 2200325 450 001 996716291303316 005 20260408171333.0 100 $a20260408d1998----km y0itay5003 ba 101 0 $aita 102 $aIT 105 $ay 00 y 200 1 $aMobilità imprenditoriale e del lavoro nelle Alpi in età moderna e contemporanea$fa cura di G. L. Fontana, A. Leonardi e L. Trezzi 210 $aMilano$cCUESP$d1998 215 $a422 p.$d22 cm 225 2 $aSeminario permanente per la storia dell'economia e dell'imprenditorialità nelle Alpi$v3 300 $aIn testa al frontespizio: Dipartimento di storia della società e delle istituzioni, Università degli studi di Milano; Dipartimento di economia, Università degli studi di Trento. 410 0$12001$aSeminario permanente per la storia dell'economia e dell'imprenditorialità nelle Alpi$v3 606 0 $aLavoro$xMobilità$yZone alpine$zSec. 18.-19.$2BNCF 676 $a331.127945 702 1$aLEONARDI,$bAndrea <1950- > 702 1$aTREZZI,$bLuigi 702 1$aFONTANA,$bGiovanni Luigi 801 0$aIT$bcba$gREICAT 912 $a996716291303316 951 $aXVI.8. 896$bFAVAG$cXVI.8.$d372577 951 $aXVI.8. 896 a$bFAVAG$cXVI.8.$d372547 959 $aBK 969 $aFAVAG 996 $aMobilità imprenditoriale e del lavoro nelle Alpi in età moderna e contemporanea$92909774 997 $aUNISA